| 000 | 01014nam a22002535a 4500 | ||
|---|---|---|---|
| 003 | OSt | ||
| 005 | 20161103114732.0 | ||
| 008 | 161103s2014 ua frb 000 0 ara d | ||
| 015 | _a2014/25985 | ||
| 020 | _a9789770476963 | ||
| 040 |
_aEG-ScBUE _bara _cEG-ScBUE |
||
| 043 | _af-ua--- | ||
| 082 | 0 | 4 |
_a341.44 _bر ش ي _222 |
| 100 | 1 | _aرشيدي، هالة أحمد. | |
| 245 | 1 | 2 |
_aالحقوق المكتسبة في القانون الدولي : _bدراسة نظرية مع التطبيق على حقوق مصر في مياه النيل / _cهالة أحمد الرشيدي. |
| 260 |
_aالقاهرة : _bدار النهضة العربية، _c2014. |
||
| 300 |
_a870 ص. ؛ _c24 سم. |
||
| 504 | _aيشتمل على إرجاعات ببليوجرافية. | ||
| 650 | 0 |
_aحقوق المياه (قانون دولي) _2BUEsh |
|
| 650 | 0 |
_aحقوق المياه _xقوانين وتشريعات _zمصر. _2BUEsh |
|
| 651 | 0 |
_aنهر النيل. _2BUEsh _915336 |
|
| 653 |
_bLLAAWW _cNovember2016 |
||
| 942 | _2ddc | ||
| 999 |
_c23019 _d22991 |
||